000 00410nam a22001697a 4500
003 LK-CoMWRAF
005 20231118234234.0
008 231118b |||||||| |||| 00| 0 eng d
040 _aLK-CoMWRAF
_dLK-CoMWRAF
_eLK-CoMWRAF
041 _aeng
082 _a821
_bTAG
100 _aTagore, Rabindranath
245 _aGitanjali
260 _aIndia
_bMacmillan,
650 _aEnglish poetry--Indian
942 _cBK
999 _c4145
_d4145